Countries with a smaller population than New York City - Sudden Death - Statistics

General Stats
  • This quiz has been taken 120 times
  • The average score is 3 of 15
Answers on the Grid
Answers color-coded by a green-red scale on the quiz's grid according to % correct below.
Greece
Libya
Singapore
Finland
Nepal
Botswana
Lithuania
South Sudan
Portugal
Croatia
Benin
Austria
Denmark
Turkmenistan
Malawi
Bulgaria
Honduras
Serbia
Azerbaijan
Georgia
Belgium
Oman
Norway
Bolivia
Belarus
New Zealand
Rwanda
Ireland
Tunisia
Chad
 
Answer Stats
Answer % Correct
Lithuania
42%
Singapore
42%
Finland
40%
Ireland
35%
Croatia
29%
New Zealand
23%
Denmark
21%
Norway
21%
Oman
21%
Libya
19%
Botswana
17%
Serbia
10%
Georgia
4%
Turkmenistan
4%
Bulgaria
2%
No matching quizzes found
Score Distribution
Percent of People with Each Score
Percentile by Number Answered
Your Score History
You have not taken this quiz